Selena Gomez - Albums par ordre chronologique - Statistiques

Statistiques générales
  • Ce quiz a été pris 13 fois
  • Le résultat moyen est 6 sur 7
Statistiques - réponses
Hint Réponse % Correct
2020 Rare
92%
2013 Stars Dance
92%
2009 Kiss and Tell
83%
2015 Revival
83%
2011 When the Sun Goes Down
83%
2010 A Year Without Rain
75%
2021 Revelación
50%
Aucun quiz correspondant
Distribution des résultats
% des personnes avec chaque résultat
Percentile par nombre de réponses
Votre historique - résultats
Vous n’avez pas pris ce quiz